| 000 | 00371nam a2200109Ia 4500 | ||
|---|---|---|---|
| 008 | 200302s9999 xx 000 0 und d | ||
| 100 | _aR. Anthony Hyman and Others | ||
| 245 | _aGentle Bridges : Architectur, art and Science Zwischen den Raumen : Architektur, kuntsr und wissenschaft | ||
| 260 | _bBirkhauser Publlisher for Architecture | ||
| 260 | _c2003 | ||
| 300 | _a119 P., | ||
| 999 |
_c3969 _d3969 |
||